000 00368nam a2200133 4500
005 20260530115257.0
100 1 _aLynn John
_930599
245 1 0 _aCómo Preparar Diseños para la Imprenta -Manuales de Diseño GG
264 1 _bGustavo Gili
_c1989
300 _a144 páginas
336 _atexto
_2rdacontent
337 _asin medio
_2rdamedia
338 _avolumen
_2rdacarrier
999 _c12644
_d12644